History Quiz

Random History Quiz

Three Images: Guess the Historical Figure Quiz Stats

 Plays Quiz Updated Oct 20, 2014

Score 0/15 Timer 07:00
1 Play Today
% Correct
Albert Einstein
96.5%
George Washington
93.8%
Rosa Parks
92.3%
Joan of Arc
90.7%
Cleopatra
89.1%
Margaret Thatcher
88.7%
Benjamin Franklin
86.8%
Amelia Earhart
85.9%
% Correct
Nelson Mandela
83.2%
Edgar Allan Poe
79.1%
Marie Antoinette
76.9%
Mother Teresa
69%
George Washington Carver
56.4%
Mahatma Gandhi
50.2%
Elizabeth Blackwell
6.7%

You're not logged in!

Compare scores with friends on all Sporcle quizzes.
OR
Log In

You Might Also Like...

Show Comments

Extras

Top Quizzes Today


Score Distribution

Your Account Isn't Verified!

In order to create a playlist on Sporcle, you need to verify the email address you used during registration. Go to your Sporcle Settings to finish the process.

Report this User

Report this user for behavior that violates our Community Guidelines.

Details: